Nuevo portal de la CFE en internet : 2001 /

Disco que contiene información sobre el trabajo y resultados de la Comisión Federal de Electricidad, las tarifas vigentes, la ubicación de las oficinas y los proyectos en relación con la infraestructura eléctrica.

שמור ב:
מידע ביבליוגרפי
מחבר תאגידי: Comisión Federal de Electricidad (México)
מחברים אחרים: Sánchez Anguiano, Ernesto (presentación) (presentación)
פורמט: אלקטרוני
שפה:ספרדית
יצא לאור: México : Comisión Federal de Electricidad, 2001, c2001
נושאים:
תגים: הוספת תג
אין תגיות, היה/י הראשונ/ה לתייג את הרשומה!

MARC

LEADER 00000nmm^a2200000^a^4500
001 000136403
005 20250521000000.0
009 20260310095319.019
037 |a Acervo ITESO - Biblioteca 
041 |a ESP 
082 |a 333. 79320972  |b COM 2001 
110 |a Comisión Federal de Electricidad (México) 
240 1 1 |a [Nuevo portal de la CFE en internet] 
245 1 0 |a Nuevo portal de la CFE en internet :  |b 2001 /  |c Comisión Federal de Electricidad ; presen. de E. Sánchez Anguiano. 
264 4 |a México :  |b Comisión Federal de Electricidad,  |c 2001, c2001 
300 |a 1 disco compacto de computadora 
336 |a datos para computadora  |b cod  |2 rdacontenido 
337 |a computadora  |b c  |2 rdamedio 
338 |a disco de computadora  |b cd  |2 rdasoporte 
520 |a Disco que contiene información sobre el trabajo y resultados de la Comisión Federal de Electricidad, las tarifas vigentes, la ubicación de las oficinas y los proyectos en relación con la infraestructura eléctrica. 
649 |a XX 
650 |a Recursos Energéticos -  |z México -  |x Estadísticas 
650 |a Recursos Naturales -  |z México -  |x Estadísticas 
650 |a Economía -  |z México -  |x Estadísticas 
650 |a México -  |x Estadísticas 
650 |a México -  |x Condiciones Económicas 
700 |a Sánchez Anguiano, Ernesto  |e (presentación) 
910 |a Fondo General 
920 |a Electrónicos - Recursos en Disco 
905 |a 207 
901 |a SFW0001013  |b IT2  |c SWS  |u 20250521 
902 |a https://opac.biblio.iteso.mx/vufind/Record/000136403